| 000 | 00591cam a2200169 4500500 | ||
|---|---|---|---|
| 005 | 20260405003902.0 | ||
| 041 | _afre | ||
| 042 | _adc | ||
| 100 | 1 | 0 |
_aEltchaninoff, Michel _eauthor |
| 245 | 0 | 0 | _aLa Troisième Guerre mondiale ? Mais elle est déjà là ! La chronique de Michel Eltchaninoff |
| 260 | _c2024. | ||
| 500 | _a87 | ||
| 690 | _aGuerre | ||
| 690 | _aMichel Eltchaninoff | ||
| 786 | 0 | _nPhilosophie magazine | 185 | 12 | 2024-12-01 | p. 19-19 | 1951-1787 | |
| 856 | 4 | 1 | _uhttps://shs.cairn.info/magazine-philosophie-magazine-2024-12-page-19?lang=fr&redirect-ssocas=7080 |
| 999 |
_c2071775 _d2071775 |
||